000 00440nam a2200133Ia 4500
008 220204s9999 xx 000 0 und d
020 _a1855731797
082 _a339.542.6
_bRAF
100 _aRaffaelli, Marcelo
245 0 _aRise and demise of commodity agreements : An investigation into the breakdown of international commodity agreements
260 _aEngland
_bWoodhead Publishing
_c1995
650 _aCommodity agreements
942 _cBK
999 _c41963
_d41963